Кинетика изменения геометрических параметров фрикционных дисков при вибрационной обработке; Вестник науки Сибири; № 1 (1)
| Parent link: | Вестник науки Сибири: электронный научный журнал/ Томский политехнический университет (ТПУ).— , 2011-.— 2226-0064 № 1 (1).— 2011.— [С. 682-685] |
|---|---|
| Main Author: | |
| Other Authors: | |
| Summary: | Заглавие с титульного листа Рассмотрена методика и приведены результаты правки фрикционных дисков. Установлен оптимальный прогиб фрикционных дисков, при котором достигается снижение погрешностей, в частности - допускаемого отклонения рабочей поверхности диска от плоскостности. |
| Language: | Russian |
| Published: |
2011
|
| Series: | Машиностроение и транспорт |
| Subjects: | |
| Online Access: | http://earchive.tpu.ru/handle/11683/14897 |
| Format: | MixedMaterials Electronic Book Chapter |
| KOHA link: | https://koha.lib.tpu.ru/cgi-bin/koha/opac-detail.pl?biblionumber=478217 |
MARC
| LEADER | 00000naa2a2200000 4500 | ||
|---|---|---|---|
| 001 | 478217 | ||
| 005 | 20231101093056.0 | ||
| 035 | |a (RuTPU)RU\TPU\prd\145037 | ||
| 035 | |a RU\TPU\prd\145021 | ||
| 090 | |a 478217 | ||
| 100 | |a 20120628d2011 k y0rusy50 ca | ||
| 101 | 0 | |a rus | |
| 102 | |a RU | ||
| 135 | |a drnn ---uucaa | ||
| 181 | 0 | |a i | |
| 182 | 0 | |a b | |
| 200 | 1 | |a Кинетика изменения геометрических параметров фрикционных дисков при вибрационной обработке |f Б. А. Гупалов, В. В. Закураев | |
| 203 | |a Текст |c электронный | ||
| 215 | |a 1 файл (634 Кб) | ||
| 225 | 1 | |a Машиностроение и транспорт | |
| 230 | |a Электронные текстовые данные (1 файл : 634 Кб) | ||
| 300 | |a Заглавие с титульного листа | ||
| 320 | |a [Библиогр.: с. 685 (3 назв.)] | ||
| 330 | |a Рассмотрена методика и приведены результаты правки фрикционных дисков. Установлен оптимальный прогиб фрикционных дисков, при котором достигается снижение погрешностей, в частности - допускаемого отклонения рабочей поверхности диска от плоскостности. | ||
| 337 | |a Adobe Reader | ||
| 461 | 1 | |0 (RuTPU)RU\TPU\prd\143680 |x 2226-0064 |t Вестник науки Сибири |o электронный научный журнал |f Томский политехнический университет (ТПУ) |d 2011- | |
| 463 | 1 | |0 (RuTPU)RU\TPU\prd\143681 |t № 1 (1) |v [С. 682-685] |d 2011 | |
| 610 | 1 | |a машиностроение | |
| 610 | 1 | |a фрикционные диски | |
| 610 | 1 | |a правка | |
| 610 | 1 | |a геометрические параметры | |
| 610 | 1 | |a детали машин | |
| 610 | 1 | |a машины | |
| 610 | 1 | |a режимы нагружения | |
| 610 | 1 | |a вибрационная обработка | |
| 610 | 1 | |a электронный ресурс | |
| 675 | |a 621.982 |v 3 | ||
| 675 | |a 921.839 |v 3 | ||
| 700 | 1 | |a Гупалов |b Б. А. |g Борис Алексеевич | |
| 701 | 1 | |a Закураев |b В. В. |g Виктор Владимирович | |
| 801 | 1 | |a RU |b 63413507 |c 20090623 |g PSBO | |
| 801 | 2 | |a RU |b 63413507 |c 20180116 |g PSBO | |
| 856 | 4 | |u http://earchive.tpu.ru/handle/11683/14897 | |
| 942 | |c BK | ||